[Event "Budapest Karacsonyi op 10th"]
[Site "Budapest"]
[Date "2018.12.30"]
[Round "6"]
[White "Karacsonyi, Gellert"]
[Black "Szollosi, Laszlo Jr"]
[Result "1/2-1/2"]
[WhiteElo "2195"]
[BlackElo "2085"]
[PlyCount "61"]
[EventDate "2018.12.27"]
[EventType "swiss"]
[EventRounds "7"]
[EventCountry "HUN"]
[SourceTitle "CBM 188 Extra"]
[Source "ChessBase"]
[SourceDate "2019.02.26"]
[SourceVersion "1"]
[SourceVersionDate "2019.02.26"]
[SourceQuality "1"]

1. e4 e6 2. d4 d5 3. e5 c5 4. c3 Nc6 5. Nf3 Nge7 6. Na3 cxd4 7. cxd4 Nf5 8. Nc2 Nb4 9. Be2 Bd7 10. Nxb4 Bxb4+ 11. Bd2 Qa5 12. a3 Bxd2+ 13. Qxd2 Qb6 14. 0-0 0-0 15. Rfc1 Rfc8 16. Bd3 Qd8 17. Bxf5 exf5 18. Qb4 Rc7 19. h4 Rac8 20. Rxc7 Qxc7 21. Re1 Be6 22. Re3 Qc1+ 23. Re1 Qc7 24. Re3 Qc1+ 25. Kh2 Rc2 26. Re1 Qxb2 27. Qxb2 Rxb2 28. Kg3 f4+ 29. Kxf4 Rxf2 30. Kg3 Ra2 31. Re3 1/2-1/2

[Event "Budapest Karacsonyi op 10th"]
[Site "Budapest"]
[Date "2018.12.29"]
[Round "4"]
[White "Szollosi, Laszlo Jr"]
[Black "Karacsonyi, Kata"]
[Result "1/2-1/2"]
[WhiteElo "2085"]
[BlackElo "1907"]
[PlyCount "50"]
[EventDate "2018.12.27"]
[EventType "swiss"]
[EventRounds "7"]
[EventCountry "HUN"]
[SourceTitle "CBM 188 Extra"]
[Source "ChessBase"]
[SourceDate "2019.02.26"]
[SourceVersion "1"]
[SourceVersionDate "2019.02.26"]
[SourceQuality "1"]

1. d4 Nf6 2. c3 e6 3. Bg5 d5 4. e3 c5 5. Nd2 Nc6 6. Ngf3 Be7 7. Be2 b6 8. Bb5 Qc7 9. Ne5 Bd7 10. Nxd7 Nxd7 11. Bf4 Bd6 12. Qa4 Rc8 13. Bxc6 Qxc6 14. Qxc6 Rxc6 15. Bxd6 Rxd6 16. Nf3 Ke7 17. Ke2 Rc8 18. Rhd1 b5 19. dxc5 Nxc5 20. Nd4 Na4 21. Nxb5 Rb6 22. b3 Rxb5 23. bxa4 Ra5 24. Kd2 Rxa4 25. Rdb1 Rc7 1/2-1/2

[Event "HUN-chT2 Maroczy 1819"]
[Site "Hungary"]
[Date "2018.10.07"]
[Round "2.8"]
[White "Szollosi, Laszlo Jr"]
[Black "Felmery, Mate"]
[Result "0-1"]
[WhiteElo "2113"]
[BlackElo "2114"]
[PlyCount "74"]
[EventDate "2018.09.23"]
[EventType "team-tourn"]
[EventRounds "11"]
[EventCountry "HUN"]
[SourceTitle "EXT 2020"]
[Source "ChessBase"]
[SourceDate "2019.10.17"]
[SourceVersion "1"]
[SourceVersionDate "2019.10.17"]
[SourceQuality "1"]
[WhiteTeam "Dunaharaszti II"]
[BlackTeam "Budapest Vasas"]
[WhiteTeamCountry "HUN"]
[BlackTeamCountry "HUN"]

1. Nf3 Nf6 2. c3 e6 3. d4 d5 4. Bg5 Be7 5. Nbd2 Nbd7 6. h3 0-0 7. e3 b6 8. Bd3 Bb7 9. Qe2 Ne4 10. Bxe7 Qxe7 11. Ba6 Bxa6 12. Qxa6 f5 13. Qe2 c5 14. Rd1 Rac8 15. a3 Rf6 16. Ne5 Nxe5 17. dxe5 Rg6 18. Nxe4 fxe4 19. f4 exf3 20. gxf3 Qh4+ 21. Qf2 Qc4 22. Qf1 Qa4 23. Rd2 Qh4+ 24. Kd1 Qg3 25. f4 Qxe3 26. Qf2 Qe4 27. Re1 Qb1+ 28. Ke2 Qf5 29. Rd3 Rf8 30. Rf3 Rh6 31. Rg1 Qc2+ 32. Kf1 Qd1+ 33. Kg2 Rg6+ 34. Rg3 Rxg3+ 35. Kxg3 Qd3+ 36. Kh2 Qe4 37. Rg4 Qxe5 0-1

[Event "HUN-chT2 Maroczy 1718"]
[Site "Hungary"]
[Date "2017.12.17"]
[Round "4.8"]
[White "Rigo, Janos"]
[Black "Szollosi, Laszlo Jr"]
[Result "1/2-1/2"]
[WhiteElo "2234"]
[BlackElo "2121"]
[PlyCount "77"]
[EventDate "2017.10.29"]
[EventType "team-tourn"]
[EventRounds "9"]
[EventCountry "HUN"]
[SourceTitle "EXT 2021"]
[Source "ChessBase"]
[SourceDate "2020.10.23"]
[SourceVersion "1"]
[SourceVersionDate "2020.10.23"]
[SourceQuality "1"]
[WhiteTeam "Budapest HASE"]
[BlackTeam "Dunaharaszti II"]
[WhiteTeamCountry "HUN"]
[BlackTeamCountry "HUN"]

1. e4 e6 2. d4 d5 3. Nc3 Nf6 4. Bg5 dxe4 5. Nxe4 Be7 6. Nxf6+ Bxf6 7. Bxf6 Qxf6 8. Nf3 0-0 9. Bd3 Nc6 10. 0-0 e5 11. d5 Nd4 12. Nxd4 exd4 13. Re1 Rd8 14. Qh5 g6 15. Qe5 Qb6 16. h4 Bd7 17. h5 Re8 18. Qf4 Qb4 19. Red1 Qd6 20. Qxd6 cxd6 21. hxg6 hxg6 22. Bc4 b5 23. Bf1 Rac8 24. Rac1 Rc5 25. Rxd4 Re5 26. c4 bxc4 27. Bxc4 Bb5 28. f4 Re2 29. a4 Bxc4 30. Rcxc4 Rxc4 31. Rxc4 Rxb2 32. Rc6 Rb4 33. Rxd6 Rxa4 34. Rd7 Rxf4 35. Rxa7 Kf8 36. d6 Ke8 37. Re7+ Kf8 38. g3 Rd4 39. Rd7 1/2-1/2

[Event "Puspokladany Arnoth Memorial 10th"]
[Site "Puspokladany"]
[Date "2017.07.28"]
[Round "4"]
[White "Balogh, David"]
[Black "Szollosi, Laszlo Jr"]
[Result "1/2-1/2"]
[WhiteElo "2196"]
[BlackElo "2113"]
[PlyCount "46"]
[EventDate "2017.07.26"]
[EventType "swiss"]
[EventRounds "9"]
[EventCountry "HUN"]
[SourceTitle "EXT 2019"]
[Source "ChessBase"]
[SourceDate "2018.10.10"]
[SourceVersion "1"]
[SourceVersionDate "2018.10.10"]
[SourceQuality "1"]

1. d4 d5 2. Nc3 Nf6 3. Bf4 c6 4. e3 Bf5 5. Nf3 e6 6. Bd3 Bxd3 7. Qxd3 Bd6 8. 0-0-0 Qc7 9. Bg3 Nbd7 10. e4 dxe4 11. Nxe4 Bxg3 12. hxg3 Nxe4 13. Qxe4 0-0-0 14. Rd3 Kb8 15. Ng5 Nf6 16. Qf3 h6 17. Ne4 Nxe4 18. Qxe4 Rhe8 19. Rh5 f5 20. Qe2 c5 21. dxc5 Rxd3 22. Qxd3 Qxc5 23. Qd2 Qc4 1/2-1/2

[Event "Puspokladany Arnoth Memorial 10th"]
[Site "Puspokladany"]
[Date "2017.07.27"]
[Round "2"]
[White "Kun, Imre"]
[Black "Szollosi, Laszlo Jr"]
[Result "0-1"]
[WhiteElo "1910"]
[BlackElo "2113"]
[PlyCount "65"]
[EventDate "2017.07.26"]
[EventType "swiss"]
[EventRounds "9"]
[EventCountry "HUN"]
[SourceTitle "EXT 2019"]
[Source "ChessBase"]
[SourceDate "2018.10.10"]
[SourceVersion "1"]
[SourceVersionDate "2018.10.10"]
[SourceQuality "1"]

1. d4 d5 2. c4 dxc4 3. e4 e5 4. d5 Nf6 5. Nc3 c6 6. Bxc4 b5 7. Bd3 b4 8. Nce2 cxd5 9. Nf3 dxe4 10. Bb5+ Bd7 11. Nxe5 Bxb5 12. Qxd8+ Kxd8 13. Nxf7+ Ke8 14. Nxh8 Nc6 15. Be3 Bd6 16. Rd1 Rd8 17. Bf4 Bc7 18. Rxd8+ Bxd8 19. Bd6 Nd5 20. Ng3 Bd3 21. Nf5 g6 22. Ng7+ Kd7 23. Nf7 Bf6 24. Bf8 Nc7 25. f4 Ne8 26. Ne5+ Nxe5 27. Nxe8 Bh4+ 28. g3 Nf3+ 29. Kf2 Bd8 30. Ng7 Bb6+ 31. Kg2 Bd4 32. Rd1 Bxb2 33. Rxd3+ 0-1

[Event "Puspokladany Arnoth Memorial 10th"]
[Site "Puspokladany"]
[Date "2017.07.27"]
[Round "3"]
[White "Szollosi, Laszlo Jr"]
[Black "Nadhazi, Imre"]
[Result "1-0"]
[WhiteElo "2113"]
[BlackElo "1858"]
[PlyCount "133"]
[EventDate "2017.07.26"]
[EventType "swiss"]
[EventRounds "9"]
[EventCountry "HUN"]
[SourceTitle "EXT 2019"]
[Source "ChessBase"]
[SourceDate "2018.10.10"]
[SourceVersion "1"]
[SourceVersionDate "2018.10.10"]
[SourceQuality "1"]

1. d4 d5 2. Bf4 Nf6 3. Nf3 e6 4. e3 Bd6 5. Bd3 c6 6. c3 Qc7 7. Bxd6 Qxd6 8. Nbd2 Nbd7 9. 0-0 e5 10. e4 0-0 11. exd5 Nxd5 12. Nc4 Qh6 13. Ncxe5 Nxe5 14. Nxe5 Nf4 15. Re1 Qg5 16. Qf3 Be6 17. Qg3 Qxg3 18. hxg3 Nd5 19. Re2 Nb6 20. b3 Rfd8 21. Be4 Rac8 22. Rd2 Nd7 23. Rad1 Kf8 24. f4 g6 25. Kf2 f6 26. Nxd7+ Rxd7 27. Bf3 h5 28. Be4 f5 29. Bf3 Bd5 30. c4 Bxf3 31. gxf3 Re8 32. b4 Rde7 33. d5 cxd5 34. cxd5 Rc8 35. d6 Rd7 36. Rd5 Kf7 37. g4 hxg4 38. fxg4 Rc4 39. R1d4 Rxd4 40. Rxd4 Ke6 41. Kg3 b5 42. Kh4 fxg4 43. Kxg4 Kf6 44. Rd2 Kf7 45. Kg5 Kg7 46. Re2 Rxd6 47. Re7+ Kf8 48. Rxa7 Rb6 49. Kh6 Rf6 50. Rb7 Rxf4 51. Rxb5 Ke7 52. Kxg6 Kd6 53. Kg5 Rf2 54. a4 Kc6 55. Rc5+ Kb6 56. Rf5 Rb2 57. Rf6+ Ka7 58. Rf4 Ra2 59. b5 Kb6 60. Rf6+ Ka5 61. Ra6+ Kb4 62. b6 Rg2+ 63. Kf5 Rg8 64. a5 Kb5 65. Ra7 Re8 66. b7 Rb8 67. a6 1-0

[Event "HUN-chT2 Erkel 1314"]
[Site "Hungary"]
[Date "2014.03.23"]
[Round "9.1"]
[White "Petran, Pal"]
[Black "Szollosi, Laszlo Jr"]
[Result "1/2-1/2"]
[WhiteElo "2335"]
[BlackElo "2213"]
[PlyCount "74"]
[EventDate "2013.09.08"]
[EventType "team-tourn"]
[EventRounds "11"]
[EventCountry "HUN"]
[SourceTitle "EXT 2016"]
[Source "ChessBase"]
[SourceDate "2015.10.08"]
[SourceVersion "1"]
[SourceVersionDate "2015.10.08"]
[SourceQuality "1"]
[WhiteTeam "Budapest Honved"]
[BlackTeam "Dunaharaszti II"]
[WhiteTeamCountry "HUN"]
[BlackTeamCountry "HUN"]

1. d4 d5 2. c4 Bf5 3. Nc3 e6 4. Nf3 Nc6 5. cxd5 exd5 6. Bf4 Bb4 7. Rc1 Nf6 8. a3 Ba5 9. e3 0-0 10. Bd3 Ne7 11. 0-0 Bb6 12. Bg5 c6 13. Bxf6 gxf6 14. Nh4 Bxd3 15. Qxd3 Qd6 16. Ne2 Kh8 17. f4 Rg8 18. Rf3 Qe6 19. Ng3 Rg4 20. Nhf5 Nxf5 21. Nxf5 Bc7 22. Rh3 Rg6 23. Rf1 Rag8 24. Ng3 Qe7 25. Kh1 Re8 26. Nf5 Qe4 27. Qxe4 Rxe4 28. Rh5 a5 29. Rf3 Kg8 30. Kg1 a4 31. Rfh3 Ba5 32. Rxh7 Kf8 33. Rh8+ Rg8 34. Rxg8+ Kxg8 35. Rg3+ Kh8 36. Rh3+ Kg8 37. Rg3+ Kh8 1/2-1/2

[Event "HUN-chT2 Erkel 1314"]
[Site "Hungary"]
[Date "2014.02.16"]
[Round "7.1"]
[White "Bednay, Dezso"]
[Black "Szollosi, Laszlo Jr"]
[Result "0-1"]
[WhiteElo "2252"]
[BlackElo "2213"]
[PlyCount "62"]
[EventDate "2013.09.08"]
[EventType "team-tourn"]
[EventRounds "11"]
[EventCountry "HUN"]
[SourceTitle "EXT 2016"]
[Source "ChessBase"]
[SourceDate "2015.10.08"]
[SourceVersion "1"]
[SourceVersionDate "2015.10.08"]
[SourceQuality "1"]
[WhiteTeam "Budapest EAC II"]
[BlackTeam "Dunaharaszti II"]
[WhiteTeamCountry "HUN"]
[BlackTeamCountry "HUN"]

1. e4 e6 2. d4 d5 3. e5 c5 4. c3 Nc6 5. Nf3 Nh6 6. Bd3 cxd4 7. cxd4 Nf5 8. Bxf5 exf5 9. 0-0 Be7 10. Nc3 Be6 11. a3 Rc8 12. Na4 g5 13. b4 b6 14. Ne1 f4 15. Bb2 Rg8 16. Nd3 Qd7 17. Bc3 Bf5 18. Nab2 Nd8 19. Rc1 Rg6 20. f3 Rgc6 21. Qb3 Ne6 22. b5 Rc4 23. Kh1 Qc7 24. Bd2 Nxd4 25. Qa2 Ne2 26. Nxc4 dxc4 27. Nb4 Nxc1 28. Rxc1 Qc5 29. Nc6 Qf2 30. Nxe7 Rd8 31. Rd1 Bd3 0-1

[Event "Budapest Art Pub Cup 3rd"]
[Site "Budapest"]
[Date "2014.01.04"]
[Round "4"]
[White "Terbe, Zsuzsanna"]
[Black "Szollosi, Laszlo Jr"]
[Result "0-1"]
[WhiteElo "2003"]
[BlackElo "2216"]
[PlyCount "108"]
[EventDate "2014.01.02"]
[EventType "swiss"]
[EventRounds "7"]
[EventCountry "HUN"]
[SourceTitle "CBM 158 Extra"]
[Source "ChessBase"]
[SourceDate "2014.02.28"]
[SourceVersion "1"]
[SourceVersionDate "2014.02.28"]
[SourceQuality "1"]

1. e4 e6 2. d4 d5 3. Nd2 a6 4. c3 c5 5. dxc5 Bxc5 6. Nb3 Bb6 7. exd5 exd5 8. Nf3 Nf6 9. Bd3 0-0 10. 0-0 Nc6 11. h3 Ne4 12. Bf4 Qf6 13. Bh2 Re8 14. Bc2 Bf5 15. Nfd4 Bg6 16. f3 Nd6 17. Bxg6 hxg6 18. Kh1 Nc4 19. Qc1 Nxd4 20. Nxd4 Bxd4 21. cxd4 Qxd4 22. Rd1 Qxb2 23. Qxb2 Nxb2 24. Rxd5 Rad8 25. Rxd8 Rxd8 26. Be5 Nc4 27. Bf4 Rd4 28. Bg3 b5 29. Be1 Ne3 30. Bc3 Rd3 31. Bb4 f6 32. Rc1 Rd1+ 33. Rxd1 Nxd1 34. Kg1 Kf7 35. a3 g5 36. Kf1 Ne3+ 37. Kf2 Nd5 38. Bd2 Ke6 39. Kg3 Ke5 40. h4 gxh4+ 41. Kxh4 Kd4 42. Kh5 Kd3 43. Ba5 Nf4+ 44. Kg4 Nxg2 45. Kf5 Nh4+ 46. Kg4 Ng6 47. Kf5 Ne7+ 48. Ke6 Nc6 49. Bb6 Nd4+ 50. Kf7 Nxf3 51. Kxg7 f5 52. Kf6 Ke4 53. Ke6 Nd4+ 54. Kd6 f4 0-1

[Event "HUN-chT 1213"]
[Site "Hungary"]
[Date "2012.11.04"]
[Round "3"]
[White "Lakos, Nikoletta"]
[Black "Szollosi, Laszlo Jr"]
[Result "1/2-1/2"]
[WhiteElo "2290"]
[BlackElo "2230"]
[PlyCount "35"]
[EventDate "2012.09.16"]
[EventType "team-tourn"]
[EventRounds "9"]
[EventCountry "HUN"]
[SourceTitle "EXT 2013"]
[Source "ChessBase"]
[SourceDate "2012.11.22"]
[SourceVersion "1"]
[SourceVersionDate "2012.11.22"]
[SourceQuality "1"]
[WhiteTeam "HVSE Infraplan"]
[BlackTeam "Dunaharaszti"]
[WhiteTeamCountry "HUN"]
[BlackTeamCountry "HUN"]

1. e4 e6 2. d4 d5 3. Nd2 c5 4. Ngf3 Nf6 5. exd5 exd5 6. Bb5+ Bd7 7. Bxd7+ Nbxd7 8. 0-0 Be7 9. dxc5 Nxc5 10. Nd4 0-0 11. Nf5 Re8 12. Nb3 Nce4 13. Qf3 Bf8 14. Rd1 a5 15. a4 Rc8 16. c3 Qb6 17. Nfd4 Nc5 18. Nd2 1/2-1/2